00900 a2200169 4500003000500000005001700005010001600022020001500038040000900053082001700062100002400079245005800103260005500161300003200216505044700248650003500695Nust20220803154533.0 a 95049050 a0024101729 cNust00a621.3692,SHO1 aShotwell, R. Allen.12aAn introduction to fiber optics /cR. Allen Shotwell. aUpper Saddle River, N.J. :bPrentice Hall,cc1997. ax, 173 p. :bill. ;c24 cm. aAn Introduction To Optical Fiber (Page-2), The Physics Of Light (Page-12), Light Propagation (Page-32), Types Of Optical Fiber And Their Properties (Page-44), Light Sources For Optical Fibers (Page-60), Optical Detectors (Page-80), Splices, Connectors, Cables And Other Components (Page-92), Fundamentals Of Communications (Page-108), Communications Applications For Optical Fiber (Page-120), Optical Fiber Measurement And Testing (Page-134). 0aTelecommunication Engineering.